Sinh Thái rừng Giáo trình ĐH Nông nghiệp
Uloženo v:
| Hlavní autor: | |
|---|---|
| Další autoři: | |
| Médium: | Kniha |
| Vydáno: |
H.
Nông Nghiệp
1998
|
| Témata: | |
| Tagy: |
Přidat tag
Žádné tagy, Buďte první, kdo otaguje tento záznam!
|
| Thư viện lưu trữ: | Trung tâm Học liệu Lê Vũ Hùng, Trường Đại học Đồng Tháp |
|---|
| LEADER | 00760pam a22002298a 4500 | ||
|---|---|---|---|
| 001 | 00022330 | ||
| 005 | 20171026081022.0 | ||
| 008 | 110528s1998 ||||||Viesd | ||
| 041 | 0 | # | |a Vie |
| 082 | 1 | 4 | |a 577.3 |b S312TH |
| 100 | 0 | # | |a Hoàng Kim Ngũ |
| 245 | 0 | 0 | |a Sinh Thái rừng |b Giáo trình ĐH Nông nghiệp |c Hoàng Kim Ngũ; Phùng Ngọc Lan |
| 260 | # | # | |a H. |b Nông Nghiệp |c 1998 |
| 300 | # | # | |a 178 tr. |c 27 cm. |
| 500 | # | # | |a ĐTTS: Trường ĐH Nông Nghiệp |
| 653 | # | # | |a Rừng |
| 653 | # | # | |a Sinh thái học |
| 700 | 0 | # | |a Phùng Ngọc Lan |
| 852 | # | # | |b Kho đọc |j KD.0009103 |
| 852 | # | # | |j KD.0009103 |
| 910 | 0 | # | |a ngọc |d 28/05/2011 |
| 980 | # | # | |a Trung tâm Học liệu Lê Vũ Hùng, Trường Đại học Đồng Tháp |